Tự nhiên và xã hội 3

Guardado en:
Detalles Bibliográficos
Autor principal: Bùi, Phương Nga
Otros Autores: Lê, Thị Thu Minh
Formato: Libro
Lenguaje:Undetermined
Publicado: H. Giáo dục 2008
Materias:
Acceso en línea:http://lrc.tdmu.edu.vn/opac/search/detail.asp?aID=2&ID=4512
Etiquetas: Agregar Etiqueta
Sin Etiquetas, Sea el primero en etiquetar este registro!
Thư viện lưu trữ: Trung tâm Học liệu Trường Đại học Thủ Dầu Một
LEADER 00599nam a2200205Ia 4500
001 TDMU_4512
008 210410s9999 xx 000 0 und d
082 |a 372.35 
090 |b B510 
100 |a Bùi, Phương Nga 
245 0 |a Tự nhiên và xã hội 3 
245 0 |c Bùi Phương Nga 
260 |a H. 
260 |b Giáo dục 
260 |c 2008 
300 |a 136tr 
650 |a Sách lớp 3 
700 |a Lê, Thị Thu Minh 
856 |u http://lrc.tdmu.edu.vn/opac/search/detail.asp?aID=2&ID=4512 
980 |a Trung tâm Học liệu Trường Đại học Thủ Dầu Một